[Event "DVM U16 2008"]
[Site "Bingen GER"]
[Date "2008.12.29"]
[Round "5"]
[White "Schiffner, Kevin"]
[Black "Höger, Bastian"]
[Result "1/2-1/2"]
[Termination "normal"]
[Board "7.1"]
[WhiteElo "1925"]
[BlackElo "1855"]
[WhiteTeam "SG Aufbau Elbe Magdeburg"]
[BlackTeam "Kieler SG Meerbauer"]
[PlyCount "93"]
[WhiteFideId "24674940"]
[BlackFideId "24611140"]
[EventCountry "GER"]
[EventRounds "7"]
[EventType "team-swiss"]
[EventDate "2008.12.26"]

1. d4 Nf6 2. c4 g6 3. Nc3 Bg7 4. e4 d6 5. f3 O-O 6. Be3 a6 7. Qd2 Nbd7 8. Nge2
c5 9. d5 b5 10. Ng3 bxc4 11. Bxc4 Rb8 12. O-O Qb6 13. Rab1 Qb7 14. Be2 Ne5 15.
b3 Qa8 16. Nh1 Ne8 17. Nf2 Nc7 18. Bg5 f6 19. Be3 Nb5 20. a4 Nxc3 21. Qxc3 a5
22. Bd2 f5 23. Qxa5 Bd7 24. Qxa8 Rxa8 25. Bg5 Rfe8 26. Rfc1 h6 27. Bd2 Reb8 28.
Nd3 g5 29. Nxe5 Bxe5 30. Bd3 Bd4+ 31. Kf1 fxe4 32. Bxe4 Rb7 33. h4 Bf6 34. hxg5
hxg5 35. Ke2 Rab8 36. Bc2 Be8 37. Rd1 Kg7 38. Be3 Bg6 39. Kd2 Bxc2 40. Kxc2 Kg6
41. Rh1 Kf5 42. Rh5 c4 43. g4+ Kg6 44. a5 Rxb3 45. Bb6 Rxb1 46. Kxb1 Bd4 47.
Kc2 1/2-1/2

[Event "DVM U16 2008"]
[Site "Bingen GER"]
[Date "2008.12.29"]
[Round "5"]
[White "Höger, Phillipp"]
[Black "Rafayevych, Vilen"]
[Result "0-1"]
[Termination "normal"]
[Board "7.2"]
[WhiteElo "1743"]
[BlackElo "1979"]
[WhiteTeam "Kieler SG Meerbauer"]
[BlackTeam "SG Aufbau Elbe Magdeburg"]
[PlyCount "76"]
[WhiteFideId "24657212"]
[BlackFideId "24673897"]
[EventCountry "GER"]
[EventRounds "7"]
[EventType "team-swiss"]
[EventDate "2008.12.26"]

1. c4 Nf6 2. Nc3 c5 3. g3 g6 4. Bg2 Bg7 5. e3 O-O 6. Nge2 e6 7. O-O d5 8. cxd5
exd5 9. d4 cxd4 10. Nxd4 Nc6 11. Nb3 Ne7 12. Nb5 Bg4 13. Qe1 Qd7 14. N5d4 Rac8
15. Bd2 Bh3 16. Bb4 Bxg2 17. Kxg2 b6 18. Rc1 Ne4 19. Qe2 a5 20. Ba3 a4 21. Nd2
Nc5 22. b4 axb3 23. N2xb3 Nxb3 24. axb3 Rfe8 25. Rxc8 Rxc8 26. Qa6 Bxd4 27.
exd4 Rb8 28. Qe2 Nf5 29. Rd1 Re8 30. Qf3 Re4 31. Qc3 h5 32. Qb4 Qd8 33. Bb2 h4
34. Re1 Qe8 35. Bc3 Rxe1 36. Bxe1 Qe4+ 37. Kf1 Nxd4 38. Qd2 Qh1# 0-1

[Event "DVM U16 2008"]
[Site "Bingen GER"]
[Date "2008.12.29"]
[Round "5"]
[White "Schiffner, Alexander"]
[Black "Gogol, Max"]
[Result "0-1"]
[Termination "normal"]
[Board "7.3"]
[WhiteElo "1689"]
[BlackElo "1698"]
[WhiteTeam "SG Aufbau Elbe Magdeburg"]
[BlackTeam "Kieler SG Meerbauer"]
[PlyCount "70"]
[BlackFideId "4620429"]
[EventCountry "GER"]
[EventRounds "7"]
[EventType "team-swiss"]
[EventDate "2008.12.26"]

1. e4 c5 2. Nf3 e6 3. d4 cxd4 4. Nxd4 a6 5. Nc3 Qc7 6. Be3 Bb4 7. Qd2 Nf6 8. f3
d5 9. Bd3 e5 10. Nb3 d4 11. Nxd4 exd4 12. Bxd4 Qd8 13. Be3 O-O 14. g4 Nc6 15.
O-O-O Qa5 16. h4 Ne5 17. Rdf1 Nxd3+ 18. cxd3 Be6 19. Kb1 Bxa2+ 20. Kc1 Bb3 21.
Qe2 Qa1+ 22. Kd2 Qxb2+ 23. Ke1 Bxc3+ 24. Kf2 Qxe2+ 25. Kxe2 b5 26. h5 Rfe8 27.
g5 Nd5 28. Bc1 g6 29. hxg6 fxg6 30. f4 Nb4 31. f5 gxf5 32. Rxf5 Rf8 33. Rc5
Rac8 34. Rxc8 Rxc8 35. Bf4 Bc2 0-1

[Event "DVM U16 2008"]
[Site "Bingen GER"]
[Date "2008.12.29"]
[Round "5"]
[White "Dittmann, Jan"]
[Black "Tarouchkin, Alexander"]
[Result "1-0"]
[Termination "normal"]
[Board "7.4"]
[WhiteElo "1717"]
[BlackElo "1180"]
[WhiteTeam "Kieler SG Meerbauer"]
[BlackTeam "SG Aufbau Elbe Magdeburg"]
[PlyCount "61"]
[EventCountry "GER"]
[EventRounds "7"]
[EventType "team-swiss"]
[EventDate "2008.12.26"]

1. c4 e5 2. Nc3 Nc6 3. g3 g6 4. Bg2 Bg7 5. e3 d6 6. Nge2 Be6 7. d3 Qd7 8. O-O
O-O-O 9. Rb1 Bh3 10. b4 Bxg2 11. Kxg2 Nb8 12. Nb5 Qc6+ 13. e4 Qa6 14. Be3 Bh6
15. Nxa7+ Kd7 16. Nb5 b6 17. Qd2 Bxe3 18. fxe3 Nh6 19. Rb3 c6 20. Ra3 Qc8 21.
Ra7+ Ke6 22. Rc7 Qa6 23. Rcxf7 Nxf7 24. Nc7+ Ke7 25. Nxa6 Nxa6 26. a4 Ra8 27.
b5 Nc5 28. bxc6 Nxa4 29. Nc3 Rhc8 30. Nd5+ Ke6 31. Rf6# 1-0

[Event "DVM U16 2008"]
[Site "Bingen GER"]
[Date "2008.12.29"]
[Round "5"]
[White "Decher, Paul"]
[Black "Hötte, Philipp"]
[Result "1/2-1/2"]
[Termination "normal"]
[Board "8.2"]
[WhiteElo "1693"]
[BlackElo "1725"]
[WhiteTeam "SK Gräfelfing"]
[BlackTeam "Schachfreunde Paderborn 2000"]
[PlyCount "95"]
[WhiteFideId "1270603"]
[BlackFideId "24696390"]
[EventCountry "GER"]
[EventRounds "7"]
[EventType "team-swiss"]
[EventDate "2008.12.26"]

1. e4 d6 2. d4 g6 3. Nf3 Bg7 4. Nc3 Nf6 5. Be3 O-O 6. Bc4 Bg4 7. h3 Bxf3 8.
Qxf3 Nfd7 9. Bb3 e5 10. d5 Na6 11. O-O f5 12. exf5 gxf5 13. Qe2 f4 14. Bd2 Nac5
15. f3 Rf6 16. Bc4 a5 17. a3 a4 18. b4 axb3 19. cxb3 Nf8 20. b4 Ncd7 21. Ne4
Rh6 22. Kh2 Qh4 23. Be1 Qh5 24. Qc2 Nf6 25. Bd3 Nxe4 26. fxe4 Rc8 27. Be2 Qg5
28. Bf3 Bf6 29. Rg1 Kh8 30. Qe2 Ng6 31. Rc1 Nh4 32. Bf2 Qg7 33. g3 fxg3+ 34.
Bxg3 Nxf3+ 35. Qxf3 Qd7 36. Bf2 Rf8 37. Be3 Rg6 38. Rxg6 hxg6 39. Rg1 Kh7 40.
Qg4 Qxg4 41. Rxg4 Be7 42. Kg2 Ra8 43. Bc1 c6 44. dxc6 bxc6 45. Rg3 Kg7 46. Rd3
Kf6 47. Rc3 Ra6 48. Kf3 1/2-1/2

[Event "DVM U16 2008"]
[Site "Bingen GER"]
[Date "2008.12.29"]
[Round "5"]
[White "Barth, Stefan"]
[Black "Bartholdus, Daniela"]
[Result "1-0"]
[Termination "normal"]
[Board "8.4"]
[WhiteElo "1532"]
[BlackElo "1298"]
[WhiteTeam "SK Gräfelfing"]
[BlackTeam "Schachfreunde Paderborn 2000"]
[PlyCount "91"]
[EventCountry "GER"]
[EventRounds "7"]
[EventType "team-swiss"]
[EventDate "2008.12.26"]

1. d4 Nf6 2. c4 g6 3. Nc3 Bg7 4. e4 d6 5. Be3 O-O 6. f3 Nbd7 7. Bd3 e5 8. d5 c6
9. Nge2 Ne8 10. Qd2 cxd5 11. Nxd5 Nb6 12. Nxb6 axb6 13. O-O f5 14. exf5 Bxf5
15. Bxf5 Rxf5 16. Ng3 Rf7 17. Ne4 Qc7 18. Qb4 Ra6 19. Rfd1 Rd7 20. a3 Bf8 21.
Rd5 Kg7 22. Rad1 Nf6 23. Nxf6 Kxf6 24. Qc3 h6 25. f4 Bg7 26. fxe5+ Ke6 27. Qd3
Bxe5 28. Qxg6+ Ke7 29. Qe4 Ra4 30. b4 Rxa3 31. Bf4 Rc3 32. Bxe5 Qxc4 33. Bxd6+
Kd8 34. Be7+ Kc8 35. Qxc4+ Rxc4 36. Rxd7 Kb8 37. Rd8+ Ka7 38. R1d7 Ka6 39. Rd6
Ka7 40. Rd4 Rc1+ 41. Kf2 b5 42. R8d7 Kb8 43. Rd8+ Kc7 44. Bd6+ Kc6 45. Rc8+ Kd7
46. Rxc1 1-0

[Event "DVM U16 2008"]
[Site "Bingen GER"]
[Date "2008.12.29"]
[Round "5"]
[White "Meng, Pascal"]
[Black "Hohmann, Louisa"]
[Result "1/2-1/2"]
[Termination "normal"]
[Board "9.1"]
[WhiteElo "1595"]
[BlackElo "1739"]
[WhiteTeam "Schachklub Gau-Algesheim"]
[BlackTeam "SG Bochum 31"]
[PlyCount "82"]
[WhiteFideId "24608165"]
[EventCountry "GER"]
[EventRounds "7"]
[EventType "team-swiss"]
[EventDate "2008.12.26"]

1. d4 d5 2. Nf3 Nf6 3. Bf4 c5 4. c3 Nc6 5. e3 Bg4 6. Be2 e6 7. O-O Be7 8. Nbd2
Nh5 9. Bg3 Nxg3 10. hxg3 Qb6 11. Qb3 c4 12. Qxb6 axb6 13. b3 Ba3 14. Rfb1 Bf5
15. e4 dxe4 16. Nh4 e3 17. Nxf5 exd2 18. Nxg7+ Kf8 19. Nh5 Nxd4 20. Bd1 Nb5 21.
bxc4 Nxc3 22. Rb3 Nxd1 23. Rxd1 Bc1 24. Rxb6 Ra5 25. Nf4 Rxa2 26. Rxb7 Rg8 27.
c5 Rg5 28. c6 Rc5 29. c7 Rac2 30. Nd3 Rxc7 31. Rxc7 Rxc7 32. Kf1 Rc4 33. f3 Rc2
34. Nf2 Ba3 35. Ke2 Bb4 36. Ne4 Ke7 37. Nxd2 Bxd2 38. Rxd2 Rxd2+ 39. Kxd2 Kd6
40. Ke3 Ke5 41. g4 Kf6 1/2-1/2

[Event "DVM U16 2008"]
[Site "Bingen GER"]
[Date "2008.12.29"]
[Round "5"]
[White "Butschek, Marc"]
[Black "Stephan, Nikita"]
[Result "1/2-1/2"]
[Termination "normal"]
[Board "9.2"]
[WhiteElo "1775"]
[BlackElo "1602"]
[WhiteTeam "SG Bochum 31"]
[BlackTeam "Schachklub Gau-Algesheim"]
[PlyCount "109"]
[WhiteFideId "4630904"]
[BlackFideId "1270614"]
[EventCountry "GER"]
[EventRounds "7"]
[EventType "team-swiss"]
[EventDate "2008.12.26"]

1. e4 e5 2. Nf3 Nf6 3. Nxe5 d6 4. Nf3 Nxe4 5. d4 d5 6. Bd3 Bg4 7. O-O Be7 8.
Re1 Nf6 9. b3 O-O 10. Bb2 Nc6 11. Nbd2 Re8 12. Nf1 Qd7 13. h3 Bxf3 14. Qxf3 Bb4
15. c3 Ba5 16. Ne3 Re7 17. Re2 Rae8 18. Rae1 Nxd4 19. cxd4 Bxe1 20. Rxe1 Ne4
21. Qg4 Qxg4 22. hxg4 c6 23. f3 Nc3 24. Bxc3 Rxe3 25. Kf2 Rxe1 26. Bxe1 g6 27.
Bb4 f6 28. Bc5 b6 29. Bd6 b5 30. Bc5 a6 31. Bb4 Kf7 32. Bd2 Re7 33. g5 f5 34.
f4 Kg7 35. Kf3 h5 36. gxh6+ Kxh6 37. g4 Rf7 38. g5+ Kg7 39. Ke2 Kf8 40. Kd1 Ke8
41. Kc2 Kd7 42. Bb4 Kc7 43. Bc5 Kb7 44. Bd6 a5 45. Be5 Rf8 46. Kd2 Rf7 47. Bf6
Kc7 48. a4 b4 49. Bxf5 gxf5 50. Be5+ Kd7 51. g6 Rf8 52. Ke2 Rg8 53. g7 Ke6 54.
Kf3 Kf7 55. Bc7 1/2-1/2

[Event "DVM U16 2008"]
[Site "Bingen GER"]
[Date "2008.12.29"]
[Round "5"]
[White "Michel, Pascal"]
[Black "Orhan, Eda"]
[Result "1/2-1/2"]
[Termination "normal"]
[Board "9.3"]
[WhiteElo "1390"]
[BlackElo "1603"]
[WhiteTeam "Schachklub Gau-Algesheim"]
[BlackTeam "SG Bochum 31"]
[PlyCount "77"]
[BlackFideId "24659258"]
[EventCountry "GER"]
[EventRounds "7"]
[EventType "team-swiss"]
[EventDate "2008.12.26"]

1. d4 d5 2. c4 c6 3. Nc3 Nf6 4. Bg5 e6 5. e3 Nbd7 6. Nf3 Be7 7. Bd3 Qa5 8. O-O
O-O 9. Qc2 dxc4 10. Bxc4 b5 11. Bd3 h6 12. Bh4 a6 13. Ne4 Qc7 14. Rac1 Bb7 15.
Nxf6+ Nxf6 16. Ne5 Rac8 17. Bg3 Bd6 18. Be2 c5 19. Rfd1 c4 20. Bf3 Nd5 21. Bxd5
Bxd5 22. Nf3 Bxg3 23. hxg3 Qb7 24. Ne1 Rfe8 25. f3 Qb6 26. Kf1 Bb7 27. e4 Red8
28. Qf2 Rd7 29. Rd2 Rcd8 30. Nc2 Qa5 31. a3 Qb6 32. Rcd1 a5 33. Ke1 b4 34. axb4
axb4 35. d5 Qxf2+ 36. Kxf2 b3 37. Ne3 Ba6 38. Rc1 exd5 39. Rxd5 1/2-1/2

[Event "DVM U16 2008"]
[Site "Bingen GER"]
[Date "2008.12.29"]
[Round "5"]
[White "Budszuhn, Timo"]
[Black "Gellert, Helena"]
[Result "1-0"]
[Termination "normal"]
[Board "9.4"]
[WhiteElo "1470"]
[BlackElo "1030"]
[WhiteTeam "SG Bochum 31"]
[BlackTeam "Schachklub Gau-Algesheim"]
[PlyCount "67"]
[WhiteFideId "1270607"]
[EventCountry "GER"]
[EventRounds "7"]
[EventType "team-swiss"]
[EventDate "2008.12.26"]

1. e4 d5 2. exd5 Qxd5 3. Nc3 Qd6 4. d4 Nf6 5. Nf3 a6 6. Be2 Bg4 7. O-O Nc6 8.
Be3 e6 9. a3 O-O-O 10. Ng5 Bxe2 11. Qxe2 Qd7 12. Rfd1 h6 13. Nf3 Nd5 14. Nxd5
exd5 15. b4 Na7 16. Ne5 Qe6 17. Rab1 f6 18. Nd3 g5 19. Nc5 Qc6 20. Qd3 h5 21.
Qb3 b6 22. Nxa6 Qb5 23. Qd3 Kb7 24. Nc5+ Bxc5 25. bxc5 Qxd3 26. Rxd3 b5 27. a4
c6 28. Bd2 Ra8 29. Rf3 Rhf8 30. Kf1 Rae8 31. c3 Ka6 32. h4 g4 33. Rf5 bxa4 34.
Rb6+ 1-0

[Event "DVM U16 2008"]
[Site "Bingen GER"]
[Date "2008.12.29"]
[Round "5"]
[White "Kremser, Michael"]
[Black "von Schwerin, Clemens"]
[Result "0-1"]
[Termination "normal"]
[Board "10.1"]
[WhiteElo "1818"]
[BlackElo "1906"]
[WhiteTeam "Schachgemeinschaft Porz"]
[BlackTeam "SV Jedesheim"]
[PlyCount "48"]
[WhiteFideId "1270131"]
[BlackFideId "4613228"]
[EventCountry "GER"]
[EventRounds "7"]
[EventType "team-swiss"]
[EventDate "2008.12.26"]

1. d4 Nf6 2. c4 c5 3. d5 b5 4. cxb5 a6 5. bxa6 Bxa6 6. Nc3 d6 7. e4 Bxf1 8.
Kxf1 g6 9. g3 Bg7 10. Kg2 O-O 11. f4 Nbd7 12. Nf3 Ne8 13. Re1 Nc7 14. e5 dxe5
15. fxe5 Nb6 16. d6 exd6 17. exd6 Ne6 18. Ne5 Nd4 19. Bf4 Qxd6 20. h4 Rae8 21.
Nd3 Qc6+ 22. Kh3 Rxe1 23. Nxe1 Qh1+ 24. Kg4 h5+ 0-1

[Event "DVM U16 2008"]
[Site "Bingen GER"]
[Date "2008.12.29"]
[Round "5"]
[White "Lerch, Matthias"]
[Black "Finke, Kai"]
[Result "0-1"]
[Termination "normal"]
[Board "10.2"]
[WhiteElo "1763"]
[BlackElo "1593"]
[WhiteTeam "SV Jedesheim"]
[BlackTeam "Schachgemeinschaft Porz"]
[PlyCount "108"]
[WhiteFideId "24662151"]
[BlackFideId "1270611"]
[EventCountry "GER"]
[EventRounds "7"]
[EventType "team-swiss"]
[EventDate "2008.12.26"]

1. e4 c5 2. Nf3 g6 3. d4 cxd4 4. Qxd4 Nf6 5. e5 Nc6 6. Qc3 Nd5 7. Qc4 Nb6 8.
Qh4 Qc7 9. Bf4 Bg7 10. e6 d6 11. exf7+ Kxf7 12. c3 Bf5 13. Nbd2 e5 14. Be3 Rae8
15. Bxb6 axb6 16. Bc4+ Kf8 17. g4 Be6 18. Bxe6 Rxe6 19. Ng5 Re7 20. Nge4 d5 21.
Nf6 Qd6 22. g5 Bxf6 23. gxf6 Rf7 24. O-O-O Qxf6 25. Qxf6 Rxf6 26. Nb3 Ne7 27.
Rhe1 Rf5 28. Re2 Kf7 29. Rde1 Nc6 30. Rd1 Rd8 31. Red2 Ne7 32. Re2 Rd6 33. Rde1
Rdf6 34. Nd4 Rxf2 35. Rxe5 Nc6 36. Rxd5 Nxd4 37. Rxd4 Rxh2 38. Rd7+ Kf8 39.
Rxb7 h5 40. Rd1 Re2 41. Rh7 Rf7 42. Rxf7+ Kxf7 43. Rd6 h4 44. Rd7+ Kf6 45. Rh7
Kg5 46. a4 Kg4 47. b4 h3 48. a5 bxa5 49. b5 h2 50. b6 Re1+ 51. Kd2 h1=Q 52. b7
Rd1+ 53. Kc2 Rc1+ 54. Kd2 Qe1+ 0-1

[Event "DVM U16 2008"]
[Site "Bingen GER"]
[Date "2008.12.29"]
[Round "5"]
[White "Krause, Johann"]
[Black "Goda, Robert-Rene"]
[Result "1/2-1/2"]
[Termination "normal"]
[Board "10.3"]
[WhiteElo "1463"]
[BlackElo "1692"]
[WhiteTeam "Schachgemeinschaft Porz"]
[BlackTeam "SV Jedesheim"]
[PlyCount "45"]
[WhiteFideId "1270612"]
[BlackFideId "4637968"]
[EventCountry "GER"]
[EventRounds "7"]
[EventType "team-swiss"]
[EventDate "2008.12.26"]

1. e4 g6 2. d4 Bg7 3. c3 d6 4. Bf4 Nf6 5. Qd3 O-O 6. Nf3 Nbd7 7. Nbd2 Nh5 8.
Qe3 Nxf4 9. Qxf4 e5 10. dxe5 Nxe5 11. Nc4 Nxf3+ 12. gxf3 d5 13. O-O-O c6 14. h4
Qe7 15. exd5 cxd5 16. Qe3 Qxe3+ 17. Nxe3 d4 18. cxd4 Be6 19. Kb1 f5 20. d5 Bf7
21. Bc4 Rac8 22. Bb3 Rfd8 23. Rd2 1/2-1/2

[Event "DVM U16 2008"]
[Site "Bingen GER"]
[Date "2008.12.29"]
[Round "5"]
[White "Kraus, Johannes"]
[Black "Schell, Samuel"]
[Result "1/2-1/2"]
[Termination "normal"]
[Board "10.4"]
[WhiteElo "1475"]
[BlackElo "1301"]
[WhiteTeam "SV Jedesheim"]
[BlackTeam "Schachgemeinschaft Porz"]
[PlyCount "43"]
[WhiteFideId "1270601"]
[EventCountry "GER"]
[EventRounds "7"]
[EventType "team-swiss"]
[EventDate "2008.12.26"]

1. e4 g6 2. d4 Bg7 3. g3 d6 4. Nf3 Bg4 5. Bg2 Nc6 6. Be3 e5 7. d5 Nd4 8. Bxd4
exd4 9. Nbd2 Nf6 10. O-O O-O 11. h3 Bxf3 12. Nxf3 Nxe4 13. Nxd4 Re8 14. Re1 Qf6
15. Rxe4 Rxe4 16. Bxe4 Qxd4 17. Qxd4 Bxd4 18. c3 Bb6 19. Re1 Re8 20. Kf1 f5 21.
Bg2 Rxe1+ 22. Kxe1 1/2-1/2

[Event "DVM U16 2008"]
[Site "Bingen GER"]
[Date "2008.12.29"]
[Round "6"]
[White "Zelbel, Patrick"]
[Black "Doberitz, Paul"]
[Result "0-1"]
[Termination "normal"]
[Board "1.1"]
[WhiteElo "2246"]
[BlackElo "2104"]
[WhiteTeam "SF Brackel 1930"]
[BlackTeam "SC Leipzig-Gohlis"]
[PlyCount "44"]
[WhiteFideId "24624322"]
[BlackFideId "24646130"]
[EventCountry "GER"]
[EventRounds "7"]
[EventType "team-swiss"]
[EventDate "2008.12.26"]

1. e4 c5 2. c3 d5 3. exd5 Qxd5 4. Nf3 Nf6 5. Na3 e6 6. Bc4 Qd8 7. O-O Be7 8.
Qe2 Nc6 9. d4 cxd4 10. Rd1 O-O 11. Nb5 a6 12. Nbxd4 Qc7 13. Nxc6 Qxc6 14. Rd4
b5 15. Ne5 Qc5 16. Bd3 Nd5 17. Be4 Bf6 18. Rd3 Bxe5 19. Bxh7+ Kxh7 20. Qxe5 f5
21. Be3 Qc6 22. Bd4 Qc7 0-1

[Event "DVM U16 2008"]
[Site "Bingen GER"]
[Date "2008.12.29"]
[Round "6"]
[White "Meißner, Felix"]
[Black "Kartsev, Alexandr"]
[Result "1/2-1/2"]
[Termination "normal"]
[Board "1.2"]
[WhiteElo "2125"]
[BlackElo "2084"]
[WhiteTeam "SC Leipzig-Gohlis"]
[BlackTeam "SF Brackel 1930"]
[PlyCount "39"]
[WhiteFideId "24671827"]
[BlackFideId "24647110"]
[EventCountry "GER"]
[EventRounds "7"]
[EventType "team-swiss"]
[EventDate "2008.12.26"]

1. e4 d5 2. exd5 Nf6 3. Nc3 Nxd5 4. Bc4 c6 5. Qf3 e6 6. Nge2 Nd7 7. d4 Be7 8.
O-O O-O 9. Nxd5 exd5 10. Bd3 Nf6 11. h3 h6 12. Ng3 Re8 13. c3 Be6 14. Re1 Nh7
15. Nf5 Bxf5 16. Qxf5 g6 17. Qf3 Bg5 18. Bxg5 Qxg5 19. Rad1 f5 20. g3 {(=)}
1/2-1/2

[Event "DVM U16 2008"]
[Site "Bingen GER"]
[Date "2008.12.29"]
[Round "6"]
[White "Strathoff, Jens"]
[Black "Pantusenko, Valeria"]
[Result "1-0"]
[Termination "normal"]
[Board "1.3"]
[WhiteElo "2020"]
[BlackElo "1704"]
[WhiteTeam "SF Brackel 1930"]
[BlackTeam "SC Leipzig-Gohlis"]
[PlyCount "65"]
[WhiteFideId "4699084"]
[BlackFideId "4662920"]
[EventCountry "GER"]
[EventRounds "7"]
[EventType "team-swiss"]
[EventDate "2008.12.26"]

1. e4 e5 2. Nf3 Nc6 3. Bc4 Nf6 4. d3 Be7 5. O-O O-O 6. a4 d6 7. c3 Be6 8. Nbd2
Qd7 9. Re1 Na5 10. Ba2 Bxa2 11. Rxa2 Nc6 12. Nf1 d5 13. exd5 Qxd5 14. c4 Qd6
15. b3 Nd7 16. Ne3 Nb4 17. Ba3 c5 18. Bxb4 cxb4 19. d4 Bf6 20. dxe5 Qxd1 21.
Nxd1 Be7 22. Ne3 Bc5 23. Nd5 a5 24. Rd2 Rae8 25. Kf1 h6 26. h3 Kh7 27. Rde2 Re6
28. Nd2 f6 29. exf6 Rxe2 30. Rxe2 Nxf6 31. Nxf6+ gxf6 32. Ne4 Bd4 33. Rd2 1-0

[Event "DVM U16 2008"]
[Site "Bingen GER"]
[Date "2008.12.29"]
[Round "6"]
[White "Ohme, Markus"]
[Black "Haidar, Marcel"]
[Result "0-1"]
[Termination "normal"]
[Board "1.4"]
[WhiteElo "1366"]
[BlackElo "1759"]
[WhiteTeam "SC Leipzig-Gohlis"]
[BlackTeam "SF Brackel 1930"]
[PlyCount "50"]
[EventCountry "GER"]
[EventRounds "7"]
[EventType "team-swiss"]
[EventDate "2008.12.26"]

1. e4 e5 2. Nf3 Nc6 3. Bc4 Nf6 4. Nc3 Nxe4 5. Nxe4 d5 6. Bd3 dxe4 7. Bxe4 Bd6
8. d4 Nxd4 9. Nxd4 exd4 10. Qxd4 O-O 11. Be3 Qe7 12. O-O-O Be5 13. Qd3 g6 14.
h4 Be6 15. Kb1 Rad8 16. Qe2 Qb4 17. Bc1 Qa5 18. a3 Bg7 19. Rxd8 {(=)} 19...
Rxd8 20. h5 Re8 21. Qf3 Qe5 22. hxg6 hxg6 23. Bd3 b5 24. Qe2 Qd5 25. c3 Qa2+
0-1

[Event "DVM U16 2008"]
[Site "Bingen GER"]
[Date "2008.12.29"]
[Round "6"]
[White "Geske, Julian"]
[Black "Marx, Joschka"]
[Result "1-0"]
[Termination "normal"]
[Board "2.1"]
[WhiteElo "2229"]
[BlackElo "1978"]
[WhiteTeam "SV 1920 Hofheim"]
[BlackTeam "Segeberger Schachfreunde"]
[PlyCount "43"]
[WhiteFideId "24605263"]
[BlackFideId "24645869"]
[EventCountry "GER"]
[EventRounds "7"]
[EventType "team-swiss"]
[EventDate "2008.12.26"]

1. e4 c5 2. Nf3 e6 3. Nc3 a6 4. d4 cxd4 5. Nxd4 Qc7 6. g3 Nf6 7. Bg2 Bb4 8. Bd2
Be7 9. O-O d6 10. g4 h6 11. Nb3 Nc6 12. f4 Qb6+ 13. Kh1 h5 14. g5 Nd7 15. Qe2
Qc7 16. Rae1 b6 17. Nd5 Qd8 18. Nxe7 Nxe7 19. Bc3 Rh7 20. Bb4 Qc7 21. Qd3 Nc5
22. Bxc5 1-0

[Event "DVM U16 2008"]
[Site "Bingen GER"]
[Date "2008.12.29"]
[Round "6"]
[White "Schwarzat, Julian"]
[Black "Hartmann, Nicolas"]
[Result "1-0"]
[Termination "normal"]
[Board "2.2"]
[WhiteElo "2009"]
[BlackElo "2011"]
[WhiteTeam "Segeberger Schachfreunde"]
[BlackTeam "SV 1920 Hofheim"]
[PlyCount "91"]
[WhiteFideId "24675857"]
[BlackFideId "24626481"]
[EventCountry "GER"]
[EventRounds "7"]
[EventType "team-swiss"]
[EventDate "2008.12.26"]

1. f4 d5 2. Nf3 Bg4 3. e3 Nf6 4. b3 Nbd7 5. Bb2 e6 6. Be2 Bd6 7. O-O O-O 8. Ne5
Bxe2 9. Qxe2 c6 10. d3 Qc7 11. Nxd7 Nxd7 12. Qg4 e5 13. Nd2 Nf6 14. Qg5 d4 15.
Nc4 Rae8 16. fxe5 Bxe5 17. Nxe5 Rxe5 18. Qf4 Nd5 19. Qxd4 f6 20. e4 Rh5 21. g3
Ne7 22. Qf2 Ng6 23. Qe2 Rg5 24. Bc1 Re5 25. Bf4 Nxf4 26. gxf4 Re6 27. Qf2 f5
28. Rae1 fxe4 29. dxe4 Qd7 30. f5 Re5 31. Kh1 Qe7 32. Qe3 b6 33. Rf4 c5 34. Qf3
Qf6 35. Qg4 Qe7 36. Ref1 Rf6 37. c4 Qb7 38. Rd1 Qe7 39. Qf3 Rf8 40. Rg4 Rf6 41.
Qf4 a6 42. Rd5 Rxd5 43. cxd5 Rf8 44. d6 Qd7 45. Qe5 Re8 46. Rxg7+ 1-0

[Event "DVM U16 2008"]
[Site "Bingen GER"]
[Date "2008.12.29"]
[Round "6"]
[White "Ackermann, Johannes"]
[Black "Huhnstock, Rico"]
[Result "1/2-1/2"]
[Termination "normal"]
[Board "2.3"]
[WhiteElo "1936"]
[BlackElo "1886"]
[WhiteTeam "SV 1920 Hofheim"]
[BlackTeam "Segeberger Schachfreunde"]
[PlyCount "39"]
[WhiteFideId "24663875"]
[BlackFideId "24642932"]
[EventCountry "GER"]
[EventRounds "7"]
[EventType "team-swiss"]
[EventDate "2008.12.26"]

1. e4 c5 2. Nf3 Nc6 3. d4 cxd4 4. Nxd4 Nf6 5. Nc3 e5 6. Ndb5 d6 7. Bg5 a6 8.
Na3 b5 9. Bxf6 gxf6 10. Nd5 Bg7 11. c3 Be6 12. Nc2 Bxd5 13. exd5 Ne7 14. Qg4
O-O 15. Ne3 Qc8 16. Qxc8 Rfxc8 17. Bd3 Rc5 18. Rd1 a5 19. Ke2 b4 20. c4 {(=)}
1/2-1/2

[Event "DVM U16 2008"]
[Site "Bingen GER"]
[Date "2008.12.29"]
[Round "6"]
[White "Neitzel, Mirko"]
[Black "Langbein, Till"]
[Result "1/2-1/2"]
[Termination "normal"]
[Board "2.4"]
[WhiteElo "1815"]
[BlackElo "1536"]
[WhiteTeam "Segeberger Schachfreunde"]
[BlackTeam "SV 1920 Hofheim"]
[PlyCount "46"]
[WhiteFideId "24657298"]
[EventCountry "GER"]
[EventRounds "7"]
[EventType "team-swiss"]
[EventDate "2008.12.26"]

1. c4 Nf6 2. Nc3 e5 3. g3 d5 4. cxd5 Nxd5 5. Bg2 Be6 6. Nf3 Nxc3 7. bxc3 Nc6 8.
d3 Be7 9. O-O O-O 10. Nd2 Bd5 11. e4 Be6 12. Nb3 a5 13. Be3 Qd7 14. Qc2 Bh3 15.
f4 Bxg2 16. Kxg2 f5 17. Rad1 Rad8 18. d4 exd4 19. Nxd4 Nxd4 20. Bxd4 Qc6 21.
Rfe1 Rfe8 22. Kf2 fxe4 23. Qxe4 23... Qxe4 {(=)} 1/2-1/2

[Event "DVM U16 2008"]
[Site "Bingen GER"]
[Date "2008.12.29"]
[Round "6"]
[White "Kordts, Florian"]
[Black "Borgmeyer, Max"]
[Result "0-1"]
[Termination "normal"]
[Board "3.1"]
[WhiteElo "1925"]
[BlackElo "2069"]
[WhiteTeam "SC Postbauer-Heng"]
[BlackTeam "Koenigsspr. SC von 1984"]
[PlyCount "82"]
[WhiteFideId "24626856"]
[BlackFideId "24615870"]
[EventCountry "GER"]
[EventRounds "7"]
[EventType "team-swiss"]
[EventDate "2008.12.26"]

1. c4 e5 2. Nc3 Nc6 3. g3 f5 4. d3 Nf6 5. Bg2 Bb4 6. Bd2 O-O 7. a3 Bxc3 8. Bxc3
d6 9. b4 Qe8 10. b5 Ne7 11. Qb3 Qf7 12. Nf3 e4 13. Nd4 Ng4 14. h3 Ne5 15. O-O-O
exd3 16. exd3 f4 17. Be4 Nd7 18. Qc2 Nc5 19. Bg2 Qg6 20. g4 a6 21. Rhe1 Rf7 22.
a4 Bd7 23. Bb4 Re8 24. Bxc5 dxc5 25. Nf3 Qh6 26. g5 Qd6 27. Re2 Nf5 28. Rde1
Rfe7 29. Rxe7 Rxe7 30. Rxe7 Qxe7 31. Qd2 Qd6 32. Qc3 axb5 33. axb5 Nd4 34. Nxd4
cxd4 35. Bd5+ Qxd5 36. Qa3 Qh1+ 37. Kc2 Qe1 38. Qa8+ Kf7 39. Qxb7 Qc3+ 40. Kd1
Qxd3+ 41. Ke1 Qxc4 0-1